01653nam a22002177a 4500003000600000005001700006008004100023020001800064020001800082020001500100020001500115040000800130082001800138100002100156245003000177260005600207300003000263505038100293505073500674650002601409GBCCL20251113134503.0251113b |||||||| |||| 00| 0 eng d a9780842379427 a9780842379441 a0842379428 a0842379444 cGBC a236.24bALC 1 aRAlcorn, Randy C aHeaven /bRandy C. Alcorn aWheaton, Ill. :bTyndale House Publishers, c©2004 axxii, 516 pages ; b24 cm aWe all have questions about what heaven will be like. Randy Alcorn helps answer some of these questions by sharing his extensive research on the topic--all from a biblical perspective. His writing will surprise readers and stretch their thinking beyond anything they've imagined heaven to be like. And Heaven will help readers strive for eternity while they're living on earth aPreface : About this book Introduction : The subject of heaven Part 1 : A theology of heaven. Realizing our destiny Understanding the intermediate heaven Grasping redemption's far reach Anticipating resurrection Seeing the earth restored Celebrating our relationship with God Ruling on the new earth Part 2 : Questions and answers about heaven. What will the resurrected earth be like? What will our lives be like? What will our relationships be like? What about animals? What will we do in heaven? Part 3 : Living in light of heaven. Reorienting ourselves to heaven as our home Anticipating the great adventure Appendix A : Christoplatonism's false assumptions Appendix B : Literal and figurative interpretation About the author  aHeaven vChristianity